Best Skaters on Each NHL Team 22-2023 - Statistics

General Stats
  • This quiz has been taken 46 times
  • The average score is 22 of 32
Answer Stats
Team Players % Correct
Colorado Avalanche Nathan Mackinnon
89%
Anaheim Ducks Trevor Zegras
89%
Edmonton Oilers Conner Mcdavid
87%
New Jersey Devils Jack Hughes
87%
Buffalo Sabres Tage Thompson
87%
Arizona Coyotes Clayton Keller
84%
Boston Bruins David Pastrnak
84%
Florida Panthers Matthew Tkachuk
84%
Detroit Red Wings Dylan Larkin
82%
Washington Capitals Alex Ovechkin
79%
Vancouver Canucks Elias Pettersson
79%
Dallas Stars Jason Robertson
79%
Montréal Canadiens Nick Suzuki
79%
Tampa Bay Lightning Nikita Kucherov
79%
Nashville Predators Roman Josi
79%
Pittsburgh Penguins Sidney Crosby
79%
Los Angeles Kings Anze Kopitar
76%
New York Rangers Artemi Panarin
76%
Minnesota Wild Kirill Kaprizov
76%
Toronto Maple Leafs Mitchell Marner
76%
Columbus Blue Jackets Johnny Gaudreau
74%
Winnipeg Jets Kyle Connor
74%
Vegas Golden Knights Jack Eichel
68%
Ottawa Senators Tim Stützle
66%
San Jose Sharks Erik Karlsson
63%
Seattle Kraken Jared McCann
50%
St. Louis Blues Jordan Kyrou
50%
New York Islanders Brock Nelson
42%
Philadelphia Flyers Travis Konecny
37%
Carolina Hurricanes Martin Necas
24%
Chicago Blackhawks Andreas Athanasiou
16%
Calgary Flames Tyler Toffoli
13%
No matching quizzes found
Score Distribution
Percent of People with Each Score
Percentile by Number Answered
Your Score History
You have not taken this quiz